000 00267nmm a2200085Ia 4500
008 220120s9999||||xx |||||||||||||||||und||
100 _aDIGIT 2010
245 0 _aDigit 9th aniversery Package,free game digit cover in motion
260 _aNine dot nine interactive ltd.
_c2010
999 _c139491
_d139491